Statistics for Most visited theme parks (Europe)

Click here to take the quiz!

General Stats

  • This quiz has been taken 12 times
  • The average score is 10 of 15

Answer Stats

No.Number of visitorsAnswer% Correct
115.960.000Disneyland
100%
94.790.000Parc Asterix
100%
311.250.000Europa Park
90%
143.950.000Heide Park
80%
66.850.000Porta Aventura
80%
104.600.000Alton Towers
70%
211.460.000De Efteling
60%
76.470.000Gardaland
60%
48.610.000Tivoli Gardens
60%
133.980.000Parque Warner
50%
124.200.000Thorpe Park
50%
58.540.000Walt Disney Studios
50%
114.380.000Legoland Windsor
40%
153.650.000Chessington World of Adventures
30%
84.850.000Puy du Fou
30%

Score Distribution

Percentile by Number Answered

Percent of People with Each Score

Your Score History

You have not taken this quiz